Économie politique chrétienne, ou recherches sur la nature et les causes du paupérisme en France et en Europe, ... / (Record no. 167631)

MARC details
000 -LEADER
campo de control de longitud fija 00777nam a22002055i 4500
001 - NÚMERO DE CONTROL
campo de control 167631
003 - IDENTIFICADOR DE NÚMERO DE CONTROL
campo de control ES-MaACL
005 - FECHA Y HORA DE LA ÚLTIMA TRANSACCIÓN
campo de control 20251017063111.0
008 - DATOS DE LONGITUD FIJA--INFORMACIÓN GENERAL
campo de control de longitud fija 990611s1837 be |||| | fre d
040 ## - FUENTE DE CATALOGACIÓN
Centro catalogador/agencia de origen CCPB | B
Lengua de catalogación spa
Centro/agencia transcriptor CCPB | B
100 2# - ENTRADA PRINCIPAL--NOMBRE DE PERSONA
Nombre de persona Villeneuve-Bargemont, Alban de,
Títulos y otros términos asociados al nombre Vizconde
9 (RLIN) 133766
245 10 - MENCIÓN DEL TÍTULO
Título Économie politique chrétienne, ou recherches sur la nature et les causes du paupérisme en France et en Europe, ... /
Mención de responsabilidad, etc. par M. Le Vte. Alban de Villeneuve-Bargemont.
260 ## - PUBLICACIÓN, DISTRIBUCIÓN, ETC.
Lugar de publicación, distribución, etc. Bruxelles :
Nombre del editor, distribuidor, etc. Meline, Cans et Compagnie,
Fecha de publicación, distribución, etc. 1837.
300 ## - DESCRIPCIÓN FÍSICA
Extensión 676 p., [8] h. de mapa pleg. ;
Dimensiones 26 cm.
597 ## - NOTA DE DESCRIPCIÓN FÍSICA
NOTA DE DESCRIPCIÓN FÍSICA Antep.
597 ## - NOTA DE DESCRIPCIÓN FÍSICA
NOTA DE DESCRIPCIÓN FÍSICA Texto a dos col.
650 #7 - PUNTO DE ACCESO ADICIONAL DE MATERIA--TÉRMINO DE MATERIA
Término de materia o nombre geográfico como elemento de entrada Economía
Fuente del encabezamiento o término embne
9 (RLIN) 12006
852 ## - LOCALIZACIÓN
Ubicación ES-MaACL
Número de control de estantería F-8486
Nota libre -- Enc. hol.
Holdings
Estatus retirado Estado de pérdida Estado de daño No para préstamo Colección Biblioteca de origen Biblioteca actual Ubicación en estantería Fecha de adquisición Fuente de adquisición Total de préstamos Signatura topográfica completa Código de barras Visto por última vez Precio de reemplazo Tipo de ítem Koha
        Libros del s. XIX Biblioteca del Ateneo de Madrid Biblioteca del Ateneo de Madrid Sala Pecera Planta 2 17/01/2008     F-8486 1175865 23/02/2023 23/02/2023 Libro impreso antiguo